| 000 | 00563nam a2200121Ia 4500 | ||
|---|---|---|---|
| 008 | 171212s9999 xx 000 0 und d | ||
| 020 | _a9780833039071 | ||
| 100 | _aWillis, Henry H.;Castle, Nicholas G.;Sloss, Elizabeth M.;Bartis, James T. | ||
| 245 |
_cWillis, Henry H.;Castle, Nicholas G.;Sloss, Elizabeth M.;Bartis, James T. _aProtecting Emergency Responders, Volume 4 _bPersonal Protective Equipment Guidelines for Structural Collapse Events |
||
| 260 |
_bRAND Corporation _c2006 |
||
| 650 | _aHealth Sciences | ||
| 856 | _uwww.jstor.org/stable/10.7249/mg425niosh | ||
| 999 |
_c352446 _d352446 |
||